000 00356 a2200157 4500
001 165938
020 _a
040 _cMagnum
100 _aAlvarado, Maite
240 1 0 _aO leiturao: jogos para despertar leitores
_lpor
245 1 0 _aO leiturao: jogos para despertar leitores
362 0 _a1899
440 1 _aÁtica
697 _aENSINO
942 _cBK
999 _c165938
_d165938